Formación Histórica de los Contratos de Explotación del Buque. Su regulación en el Derecho Colombiano y en el Derecho Español.
Guardat en:
| Autor principal: | |
|---|---|
| Altres autors: | |
| Format: | Llibre |
| Idioma: | espanyol |
| Publicat: |
Santiago de Cali, Colombia:
Universidad del Valle; Facultad de Ingeniería,
2000.
|
| Matèries: | |
| Etiquetes: |
Afegir etiqueta
Sense etiquetes, Sigues el primer a etiquetar aquest registre!
|
MARC
| LEADER | 00000cam a2200000 a 4500 | ||
|---|---|---|---|
| 001 | UCC1753 | ||
| 003 | CL-VaPUC | ||
| 005 | 20220822114413.0 | ||
| 008 | 171124e20000000ck |||||||||||||||||spa|d | ||
| 999 | |c 370130 |d 370128 | ||
| 020 | |a 958-96837-4-6 | ||
| 040 | |c Pontificia Universidad Católica de Valparaíso | ||
| 082 | 0 | 4 | |a 387.986 JIM 2000 |2 21 |
| 100 | 0 | |a Jiménez Valderrama, Fernando |e autor |9 595828 | |
| 245 | 1 | 0 | |a Formación Histórica de los Contratos de Explotación del Buque. |b Su regulación en el Derecho Colombiano y en el Derecho Español. |
| 260 | |a Santiago de Cali, Colombia: |b Universidad del Valle; |b Facultad de Ingeniería, |c 2000. | ||
| 300 | |a 190 páginas. | ||
| 500 | |a c.2 Donación Familia Prof. Alejandro Guzmán Brito. | ||
| 583 | |a last modification |c 20171124 15:27:00 |k Rodrigo Vera | ||
| 650 | 0 | |a Transporte marítimo |9 260127 | |
| 650 | 0 | |a Derecho marítimo internacional |2 CL-VaPUC |9 352896 | |
| 650 | 0 | |a Navegación |9 255384 | |
| 650 | 0 | |a Historia del derecho marítimo |2 CL-VaPUC |9 459982 | |
| 700 | |a Galán Corona, Eduardo |9 295482 |e prólogo | ||
| 942 | |c BK |2 ddc |n 0 | ||
| 945 | |d 20171124 15:27:00 |a dcastane | ||
| 952 | |0 0 |1 0 |3 erb |4 0 |6 387_986000000000000_JIM_2000 |7 0 |8 A |9 486442 |a BIBDER |b BIBDER |i 5438314 |o 387.986 JIM 2000 |p 5438314 |r 2023-01-25 |w 2019-11-24 |y BK |z Catalogado en:20171124 |k DER | ||